000 nam a22 7a 4500
999 _c9643
_d9643
008 180205b ||||| |||| 00| 0 eng d
100 _aVerma,S.etal.
_95768
245 _aMathematics-3
260 _aNew Delhi
_bPrachi
_c2016